000
00313nam a2200133Ia 4500
005
20260326100035.0
008
260326s9999||||xx |||||||||||||| ||und||
100
_a
Tapié, Víctor Lucien
245
0
_a
El Barroco /
_c
Víctor Lucien Tapié
260
_b
EUDEBA
300
_a
151 p.
650
_a
ARTE
942
_c
BK
999
_c
6759
_d
6759